[Event "Resurrection Knock Out"]
[Site "SchemingMind.com"]
[Date "2014.04.15"]
[Round "-"]
[White "alexyongpohweng"]
[Black "kenneth m day"]
[Result "0-1"]
[WhiteCountry "MAS"]
[BlackCountry "USA"]
[WhiteElo "1294"]
[WhiteRD "47"]
[BlackElo "1757"]
[BlackRD "49"]
[GameID "356772"]

1. e4 e5 2. Nf3 Nc6 3. Bb5 f5 4. Bxc6 dxc6 5. Nxe5 Nf6 6. exf5 Bxf5 7. Nf3 Bd6 8. O-O O-O 9. Nc3 Qd7 10. d3 Rae8
11. Bg5 Bg4 12. Bxf6 Rxf6 13. Ne4 Rh6 14. Ng3 Rf8 15. Nd4 Bxd1
0-1

[Event "Resurrection Knock Out"]
[Site "SchemingMind.com"]
[Date "2014.04.16"]
[Round "-"]
[White "kenneth m day"]
[Black "alexyongpohweng"]
[Result "1-0"]
[WhiteCountry "USA"]
[BlackCountry "MAS"]
[WhiteElo "1757"]
[WhiteRD "49"]
[BlackElo "1294"]
[BlackRD "47"]
[GameID "356773"]

1. e4 e5 2. Nf3 d6 3. d4 exd4 4. Nxd4 Nf6 5. Nc3 Be7 6. Be2 O-O 7. b3 c5 8. Nf3 a6 9. Bb2 b5 10. O-O b4
11. Nd5 Nxe4 12. Bd3 Nf6 13. Nxe7+ Qxe7 14. Re1 Qc7 15. Ng5 h6 16. Ne4 Nxe4 17. Bxe4 Bb7 18. Qg4 f6 19. Bf5 g5 20. Re6 Nd7
21. Rae1 Ne5 22. Qh5 Qc6 23. f3 Kg7 24. Bxe5 dxe5 25. Qg6+
1-0

[Event "Resurrection Knock Out"]
[Site "SchemingMind.com"]
[Date "2014.04.20"]
[Round "-"]
[White "SAMAEL"]
[Black "Teagy"]
[Result "1-0"]
[WhiteCountry "CAN"]
[BlackCountry "ENG"]
[WhiteElo "1772"]
[WhiteRD "56"]
[BlackElo "1850"]
[BlackRD "82"]
[GameID "356853"]

1. e4 Nf6 2. d3 e5 3. Nf3 Nc6 4. Nc3 Be7 5. Be2 O-O 6. O-O h6 7. h3 d5 8. exd5 Nxd5 9. Nxd5 Qxd5 10. Be3 f5
11. b3 f4 12. Bd2 g5 13. d4 Kh7 14. c4 Qd6 15. d5 Nd8 16. Bc3 Bf6 17. Nd2 Bf5 18. Rc1 e4 19. Bg4 Bg6 20. Bh5 Bxh5
21. Qxh5 Qe7 22. Rfe1 e3 23. fxe3 fxe3 24. Nf1 Be5 25. Bxe5 Qxe5 26. Qe2 Nf7 27. Qd3+ Kh8 28. Rxe3 Qf4 29. Rce1 Nd6 30. Rf3 Qh4
31. Qc3+ Kg8 32. Re7 Rf7 33. Rfxf7 Nxf7 34. Qf6
1-0

[Event "Resurrection Knock Out"]
[Site "SchemingMind.com"]
[Date "2014.04.20"]
[Round "-"]
[White "Teagy"]
[Black "SAMAEL"]
[Result "1-0"]
[WhiteCountry "ENG"]
[BlackCountry "CAN"]
[WhiteElo "1850"]
[WhiteRD "82"]
[BlackElo "1772"]
[BlackRD "56"]
[GameID "356854"]

1. f4 e6 2. Nf3 Nf6 3. g3 Be7 4. Bg2 O-O 5. O-O d5 6. d3 c5 7. c3 Nc6 8. Qe1 Bd7 9. e4 dxe4 10. dxe4 h6
11. Na3 a6 12. Nc2 Qc7 13. e5 Nh7 14. Be3 Rac8 15. g4 f6 16. exf6 Nxf6 17. h3 Nd5 18. g5 Nxe3 19. Nxe3 hxg5 20. fxg5 Bd6
21. Ng4 Rf4 22. Qh4 Ne7 23. Nfh2 Rcf8 24. Rxf4 Rxf4 25. Re1 Ng6 26. Qh5 Be8 27. Rxe6 Qf7 28. Rxd6 Qe7 29. Rxg6 Bxg6 30. Qxg6 Qe1+
31. Nf1 Kf8 32. Qd6+ Ke8 33. Qxf4
1-0

[Event "Resurrection Knock Out"]
[Site "SchemingMind.com"]
[Date "2014.04.17"]
[Round "-"]
[White "spoke"]
[Black "Clive Everill"]
[Result "0-1"]
[WhiteCountry "GER"]
[BlackCountry "CZE"]
[WhiteElo "1809"]
[WhiteRD "72"]
[BlackElo "1674"]
[BlackRD "55"]
[GameID "356934"]

1. e4 e6 2. d4 d5 3. Nc3 Bb4 4. e5 Ne7 5. a3 Bxc3+ 6. bxc3 c5 7. Qg4 Kf8 8. Bd2 Qc7 9. Bd3 b6 10. Nf3 cxd4
11. cxd4 Ba6 12. Bxa6 Nxa6 13. O-O Qxc2 14. Bg5 Ng6 15. Rfc1 Qf5 16. Qxf5 exf5 17. a4 h6 18. Bd2 Ke7 19. a5 b5 20. Rc6 Nb8
21. Rc7+ Nd7 22. Rac1 Rhd8 23. Bb4+ Ke8 24. h4 Nf4 25. R1c6 a6 26. g3 Ne6 27. Rd6 Nxc7
0-1

[Event "Resurrection Knock Out"]
[Site "SchemingMind.com"]
[Date "2014.04.17"]
[Round "-"]
[White "Clive Everill"]
[Black "spoke"]
[Result "1/2-1/2"]
[WhiteCountry "CZE"]
[BlackCountry "GER"]
[WhiteElo "1674"]
[WhiteRD "55"]
[BlackElo "1809"]
[BlackRD "72"]
[GameID "356935"]

1. d4 Nf6 2. c4 g6 3. g3 Bg7 4. Bg2 O-O 5. Nc3 d6 6. Nf3 c6 7. O-O Bf5 8. Ne1 Qd7 9. e4 Bh3 10. Nd3 Bxg2
11. Kxg2 e5 12. dxe5 dxe5 13. Nxe5 Qxd1 14. Rxd1 Nxe4 15. Nxe4 Bxe5 16. f4 Bc7 17. b3 f5 18. Ng5 Re8 19. Bb2 Re2+ 20. Kh3 Rxb2
21. Ne6 Ba5 22. Rd3 Na6 23. Rd7 Re8 24. Ng5 h6 25. Nf3 Nc5 26. Rd6 Kg7 27. Ne5 Re6 28. Rxe6 Nxe6=
1/2-1/2

[Event "Resurrection Knock Out"]
[Site "SchemingMind.com"]
[Date "2014.04.19"]
[Round "-"]
[White "klapa"]
[Black "bobbassbone"]
[Result "0-1"]
[WhiteCountry "POL"]
[BlackCountry "ENG"]
[WhiteElo "1452"]
[WhiteRD "69"]
[BlackElo "1601"]
[BlackRD "63"]
[GameID "357059"]

1. e4 c6 2. d4 d5 3. Nc3 dxe4 4. Nxe4 Bf5 5. Bd3 e6 6. Bg5 Qxd4 7. Nf3 Qb6 8. O-O Bxe4 9. Bxe4 Be7 10. Bf4 Nf6
11. Qd3 Nbd7 12. Rad1 Rd8 13. Ne5 Nxe5 14. Qe3 Qxe3 15. Bxe3 b6 16. Bf4 Nxe4 17. Bxe5 Bf6 18. Bc7 Rxd1 19. Rxd1 O-O 20. f3 Nc5
21. g4 Bxb2 22. h4 Rc8 23. h5 h6 24. Bd6 Rd8 25. f4 Ne4 26. Re1 Rxd6 27. Rxe4 Rd1+ 28. Kf2 Rd2+ 29. Ke1 Rxc2 30. Kd1 Rg2
31. Re1 Bd4 32. g5 Rg1 33. a4 Rxe1+ 34. Kxe1 Be3 35. Ke2 Bxf4
0-1

[Event "Resurrection Knock Out"]
[Site "SchemingMind.com"]
[Date "2014.04.19"]
[Round "-"]
[White "bobbassbone"]
[Black "klapa"]
[Result "1-0"]
[WhiteCountry "ENG"]
[BlackCountry "POL"]
[WhiteElo "1650"]
[WhiteRD "61"]
[BlackElo "1458"]
[BlackRD "66"]
[GameID "357060"]

1. d4 d5 2. Nf3 Nf6 3. Bg5 h6 4. Bxf6 exf6 5. e3 Nc6 6. Nc3 g5 7. Bb5 Bd7 8. O-O Nb4 9. Bxd7+ Qxd7 10. a3 Nc6
11. Re1 O-O-O 12. b4 h5 13. b5 g4 14. bxc6 Qxc6 15. Qd3 gxf3 16. g3 Qd6 17. Qf5+ Kb8 18. Reb1 h4 19. g4 Be7 20. Qxf3 Rhg8
21. h3 f5 22. Qe2 fxg4 23. hxg4 h3 24. Nb5 Qe6 25. f3 Rh8 26. a4 h2+ 27. Kh1 Rh3 28. Nxa7 Rd6 29. Qb5 Rb6 30. Qa5 Qxe3
31. Nc6+ Kc8 32. Nxe7+ Qxe7 33. Rxb6 cxb6 34. Qxd5 Qd7 35. Qxd7+ Kxd7 36. Kg2 Rh6 37. Kh1 Kd6 38. c4 f6 39. Ra2 Rh3 40. f4 Kc6
41. Rxh2 Ra3 42. Rh6 Rxa4 43. Rxf6+ Kc7 44. Re6 Rxc4 45. Re4 b5 46. g5 b4 47. g6 b3 48. g7 b2 49. Re7+ Kd6 50. Rxb7 Rc1+
51. Kg2 Rc2+ 52. Kf3 Rc3+ 53. Kg4 Rc1 54. Kf5 Rg1 55. Kf6 Kd5 56. Rxb2 Kxd4 57. Rb8 Ke4 58. g8=Q Rxg8 59. Rxg8 Kxf4 60. Rg5 Ke4
61. Rf5 Ke3 62. Ke5 Kd2 63. Rf3 Ke2 64. Ke4 Kd2 65. Re3 Kd1 66. Kd3 Kc1 67. Re2 Kd1 68. Rh2 Kc1 69. Rg2 Kd1 70. Rg1#
1-0

[Event "Resurrection Knock Out"]
[Site "SchemingMind.com"]
[Date "2014.04.19"]
[Round "-"]
[White "simpet"]
[Black "pmdpsp"]
[Result "0-1"]
[WhiteCountry "ENG"]
[BlackCountry "GER"]
[WhiteElo "1610"]
[WhiteRD "55"]
[BlackElo "1775"]
[BlackRD "79"]
[GameID "357064"]

1. e4 e5 2. Nf3 Qe7 3. Bc4 c6 4. d3 h6 5. a3 Nf6 6. b4 d5 7. exd5 cxd5 8. Ba2 Nc6 9. O-O Qc7 10. Bb2 Bd6
11. Nc3 d4 12. Nd5 Nxd5 13. Bxd5 Ne7 14. Ba2 O-O 15. Qe2 Kh8 16. Rae1 f6 17. Bb3 Bg4 18. h3 Bh5 19. Qe4 a5 20. b5 a4
21. Bc4 Bg6 22. Qe2 Bc5 23. Nh4 Be8 24. Qe4 Qb6 25. Rb1 Ra5 26. Kh1 Rxb5 27. Bxb5 Bxb5 28. Ng6+ Nxg6 29. Qxg6 Qa6 30. f3 Be8
31. Qe4 b5 32. f4 Qe6 33. fxe5 f5 34. Qh4 g5 35. Qe1 f4 36. Bc1 Rf5 37. Qf2 Rxe5 38. Bxf4 gxf4 39. Qxf4 Be7 40. Qxd4 Bc6
41. Rbe1 Qxh3+
0-1

[Event "Resurrection Knock Out"]
[Site "SchemingMind.com"]
[Date "2014.04.19"]
[Round "-"]
[White "pmdpsp"]
[Black "simpet"]
[Result "1-0"]
[WhiteCountry "GER"]
[BlackCountry "ENG"]
[WhiteElo "1775"]
[WhiteRD "79"]
[BlackElo "1610"]
[BlackRD "55"]
[GameID "357065"]

1. c4 e5 2. Nc3 Nf6 3. g3 Bc5 4. Bg2 Ng4 5. e3 d6 6. Nf3 Be6 7. d4 Bb4 8. a3 Bxc3+ 9. bxc3 e4 10. Nd2 f5
11. h3 Nf6 12. d5 Bd7 13. a4 a5 14. Nb3 Qe7 15. Nd4 c5 16. Nb5 Na6 17. Bb2 g5 18. Qe2 h5 19. f3 b6 20. O-O-O O-O-O
21. Kc2 Kb8 22. h4 g4 23. fxe4 Nxe4 24. Bxe4 Qxe4+ 25. Kb3 Bc8 26. Rhf1 Rhe8 27. Rde1 Re7 28. Bc1 Qe5 29. e4 Qxg3 30. Bf4 Qxh4
31. Nxd6 Qf6 32. Ne8+
1-0

[Event "Resurrection Knock Out"]
[Site "SchemingMind.com"]
[Date "2014.04.21"]
[Round "-"]
[White "eun77"]
[Black "gatoss"]
[Result "0-1"]
[WhiteCountry "ISR"]
[BlackCountry "ITA"]
[WhiteElo "1371"]
[WhiteRD "53"]
[BlackElo "1480"]
[BlackRD "60"]
[GameID "357085"]

1. c4 e5 2. d3 Nc6 3. h3 d6 4. e4 Be7 5. Nf3 Nf6 6. Be2 O-O 7. O-O h6 8. Nh2 Nd4 9. Nf3 Nxe2+ 10. Qxe2 Bxh3
11. Ne1 Bxg2 12. Kxg2 Nh7 13. Rh1 f5 14. exf5 Rxf5 15. f3 Bg5 16. Bxg5 Rxg5+ 17. Kf1 Qd7 18. Ng2 Rf8 19. Ke1 Qc6 20. Nd2 Nf6
21. Kd1 Qa4+ 22. b3 Qa3 23. Nb1 Qa5 24. Qd2 Qxd2+ 25. Nxd2 Rxg2 26. Ke1 Nd7 27. Rd1 Nc5 28. Kf1 Rg5 29. Rg1 Rxg1+ 30. Kxg1 Nxd3
31. Kg2 Nf4+ 32. Kg3 Nh5+ 33. Kg2 Rf5 34. Ne4 Nf4+ 35. Kf2 Ne6 36. Ng3 Rf8 37. Ne4 Nd4 38. Rd3 h5
0-1

[Event "Resurrection Knock Out"]
[Site "SchemingMind.com"]
[Date "2014.04.20"]
[Round "-"]
[White "gatoss"]
[Black "eun77"]
[Result "1-0"]
[WhiteCountry "ITA"]
[BlackCountry "ISR"]
[WhiteElo "1490"]
[WhiteRD "71"]
[BlackElo "1550"]
[BlackRD "60"]
[GameID "357086"]

1. d4 d5 2. c4 c6 3. Nf3 e6 4. e3 Nf6 5. Nc3 Be7 6. Bd3 h6 7. O-O O-O 8. c5 Nh7 9. Ne5 Nd7 10. Qc2 Nxe5
11. dxe5 f5 12. f4 Bxc5 13. a3 a5 14. Bd2 b6 15. Ne2 Ba6 16. Bxa6
1-0

[Event "Resurrection Knock Out"]
[Site "SchemingMind.com"]
[Date "2014.04.21"]
[Round "-"]
[White "Michal Drus"]
[Black "Ronald R. Nurmi"]
[Result "0-1"]
[WhiteCountry "POL"]
[BlackCountry "USA"]
[WhiteElo "1534"]
[WhiteRD "78"]
[BlackElo "1725"]
[BlackRD "77"]
[GameID "357155"]

1. e4 d5 2. exd5 Qxd5 3. Nc3 Qd6 4. d4 Nf6 5. Nb5 Qb6 6. a4 c6 7. c4 cxb5 8. axb5 Bg4 9. Be2 Bf5 10. c5 Qd8
11. Nf3 e6 12. Bg5 Be7 13. Ne5 Nd5 14. Bxe7 Qxe7 15. O-O O-O 16. Bg4 Bxg4 17. Qxg4 Nd7 18. f4 Ne3
0-1

[Event "Resurrection Knock Out"]
[Site "SchemingMind.com"]
[Date "2014.04.26"]
[Round "-"]
[White "Ronald R. Nurmi"]
[Black "Michal Drus"]
[Result "1-0"]
[WhiteCountry "USA"]
[BlackCountry "POL"]
[WhiteElo "1725"]
[WhiteRD "77"]
[BlackElo "1534"]
[BlackRD "78"]
[GameID "357156"]

1. d4 d5 2. Bf4 c5 3. e3 Qa5+ 4. c3 cxd4 5. exd4 Nc6 6. Bd3 Nxd4 7. Nd2 Nc6 8. Ngf3 Bg4 9. O-O e5 10. Qb3 exf4
11. Qxb7 Qb6 12. Qxa8+
1-0

[Event "Resurrection Knock Out"]
[Site "SchemingMind.com"]
[Date "2014.04.23"]
[Round "-"]
[White "lemme howdt"]
[Black "Kenny Elliott"]
[Result "1-0"]
[WhiteCountry "USA"]
[BlackCountry "USA"]
[WhiteElo "1684"]
[WhiteRD "72"]
[BlackElo "1595"]
[BlackRD "69"]
[GameID "357339"]

1. e4 c5 2. Nf3 d6 3. d4 cxd4 4. Qxd4 Nc6 5. Qd1 Bg4 6. Be2 e5 7. Nc3 Nf6 8. Bg5 Be7 9. O-O O-O 10. h3 Bh5
11. a3 a6 12. b4 b5 13. Qd3 Bxf3 14. Qxf3 Nd4 15. Qd3 Rc8 16. Bxf6 Bxf6 17. Ra2 Qc7 18. Nd5 Nxe2+ 19. Qxe2 Qc4 20. c3 Bd8
21. f4 Qxe2 22. Rxe2 exf4 23. Rxf4 Bg5 24. Rg4 h6 25. Rxg5 Kh8 26. Rf5 Rc4 27. Re3 g6 28. Rf6 Rd8 29. Rxf7 Kg8 30. Rc7 Rxc7
31. Nxc7 Rd7 32. Nd5 Kg7 33. Rf3 Rd8 34. g4 Re8 35. Nf6 Re6 36. Nd7 Rxe4 37. Nb8 Re1+ 38. Kf2 Ra1 39. Nxa6 Rxa3 40. Nc7 Ra2+
41. Kg3 Rd2 42. Nxb5 d5 43. Nd4 Ra2 44. Ne6+ Kg8 45. Rd3 Rc2 46. Kf4 Rh2 47. Ke5 Kf7 48. Kxd5 Re2 49. Nf4 Rf2 50. Ne6 Rf6
51. Re3 g5 52. b5 Kg6 53. b6 Rf7 54. Nc7 Rd7+ 55. Kc6 Rd8 56. b7 h5 57. Re6+ Kf7 58. gxh5 Rg8 59. Rg6
1-0

[Event "Resurrection Knock Out"]
[Site "SchemingMind.com"]
[Date "2014.04.23"]
[Round "-"]
[White "Kenny Elliott"]
[Black "lemme howdt"]
[Result "0-1"]
[WhiteCountry "USA"]
[BlackCountry "USA"]
[WhiteElo "1595"]
[WhiteRD "69"]
[BlackElo "1684"]
[BlackRD "72"]
[GameID "357340"]

1. d4 d5 2. c4 c6 3. Nc3 Nf6 4. Nf3 Bg4 5. e3 e6 6. c5 b6 7. cxb6 axb6 8. Be2 Bb4 9. Bd2 O-O 10. O-O Qc7
11. a3 Bxf3 12. Bxf3 Bd6 13. e4 dxe4 14. Nxe4 Nxe4 15. Bxe4 Bxh2+ 16. Kh1 Rd8 17. Qh5 f5 18. Bf3 Bf4 19. Bc3 Nd7 20. Rae1 Nf8
21. g3 g6 22. Qh4 Bd6 23. Kg2 Rd7 24. Rh1 Re8 25. Qh6 Ree7 26. Rc1 Rf7 27. Qe3 f4 28. Qe1 fxg3 29. fxg3 c5 30. d5 Rxf3
31. dxe6 Rxg3+ 32. Kf2 Re7 33. Qd2 Bf4 34. Qe1 Rxe6 35. Qf1 Be3+ 36. Ke1 Bxc1+ 37. Kd1 Bf4 38. Qc4 Qf7 39. Kc2 Rg2+ 40. Kb3 Ree2
41. Qxf7+ Kxf7 42. Rf1 Ne6 43. Ka4 Ke7 44. Kb5 Bc7
0-1

[Event "Resurrection Knock Out"]
[Site "SchemingMind.com"]
[Date "2014.05.12"]
[Round "-"]
[White "kenneth m day"]
[Black "Clive Everill"]
[Result "1-0"]
[WhiteCountry "USA"]
[BlackCountry "CZE"]
[WhiteElo "1754"]
[WhiteRD "50"]
[BlackElo "1713"]
[BlackRD "54"]
[GameID "358175"]

1. e4 e6 2. d4 d5 3. Nc3 Nc6 4. e5 Nge7 5. Nf3 b6 6. Bb5 a6 7. Be2 Ng6 8. h4 Bb4 9. h5 Nge7 10. a3 Bxc3+
11. bxc3 Bb7 12. Bg5 Qd7 13. c4 h6 14. Bh4 Nf5 15. c3 Na5 16. cxd5 Bxd5 17. Qc2 g5 18. hxg6 fxg6 19. Bf6 Rg8 20. g4 Ne7
21. Rxh6 Rf8 22. Nh4 O-O-O 23. Bxa6+ Kb8 24. Rh7 Rde8 25. Nxg6 Rg8 26. Nxe7 Rxg4 27. Nxd5 Qxd5 28. O-O-O Reg8 29. c4 Qf3 30. Kb2 Rg2
31. Rd2 Qf4 32. Rh4 Qf3 33. Re4 Qh5 34. c5 Qg6 35. Bd3 Qe8 36. Qc3 Qd7 37. Qb4 Ka7 38. Qb5 Qc8 39. Rc2 Qb7 40. Rf4 Rg1
41. Be4 c6 42. cxb6+ Qxb6 43. Qxb6+ Kxb6 44. Be7 Rd1 45. Bf3 Rd3 46. Bc5+ Kc7 47. Rf7+ Kc8 48. Bb6 Nb7 49. Rxc6+ Kb8 50. Rcc7 Nd8
51. Ba7#
1-0

[Event "Resurrection Knock Out"]
[Site "SchemingMind.com"]
[Date "2014.05.12"]
[Round "-"]
[White "Clive Everill"]
[Black "kenneth m day"]
[Result "1-0"]
[WhiteCountry "CZE"]
[BlackCountry "USA"]
[WhiteElo "1724"]
[WhiteRD "54"]
[BlackElo "1753"]
[BlackRD "49"]
[GameID "358176"]

1. c4 c5 2. Nc3 Nc6 3. e3 g6 4. d4 cxd4 5. exd4 Bg7 6. Be3 e6 7. Nf3 Nge7 8. Be2 O-O 9. O-O d5 10. c5 Nf5
11. a3 Re8 12. Bb5 Bd7 13. Qd2 a6 14. Ba4 b5 15. Bc2 Nxe3 16. fxe3 e5 17. Nxd5 exd4 18. Bb3 Bh6 19. Rae1 dxe3 20. Nxe3 Rc8
21. Nd4 Na5 22. Bxf7+ Kg7 23. Bxe8 Bxe8 24. Qc3 Kg8 25. Ne6 Qe7 26. Ng4
1-0

[Event "Resurrection Knock Out"]
[Site "SchemingMind.com"]
[Date "2014.05.22"]
[Round "-"]
[White "pmdpsp"]
[Black "lemme howdt"]
[Result "1-0"]
[WhiteCountry "GER"]
[BlackCountry "USA"]
[WhiteElo "1775"]
[WhiteRD "79"]
[BlackElo "1684"]
[BlackRD "72"]
[GameID "358766"]

1. c4 e5 2. Nc3 Nf6 3. Nf3 Nc6 4. a3 Be7 5. b4 a6 6. Bb2 d6 7. g3 Bg4 8. Bg2 Qd7 9. O-O O-O 10. e3 Rfe8
11. Qc2 b5 12. cxb5 axb5 13. Nxb5 Rab8 14. Nc3 d5 15. d4 Bxf3 16. Bxf3 e4 17. Bg2 Rb7 18. Na4 Reb8 19. Bc3 Nd8 20. Rfb1 Rb5
21. Bf1 R5b6 22. Nxb6 cxb6 23. b5 h5 24. h4 Ng4 25. a4 Qc7 26. Bh3 Nxe3 27. Qd2 Nc4 28. Qe2 g6 29. Rc1 f5 30. Bd2 Qd6
31. Bf4 Qb4 32. Bxb8 Ne6 33. Be5 Nb2 34. Rc8+ Kf7 35. Bxf5 Nc4 36. Bxe6+ Kxe6 37. Rc6+ Kf7 38. g4 Nd2 39. gxh5 Nf3+ 40. Kh1 gxh5
41. Qa2 Nxe5 42. Qxd5+
1-0

[Event "Resurrection Knock Out"]
[Site "SchemingMind.com"]
[Date "2014.05.22"]
[Round "-"]
[White "lemme howdt"]
[Black "pmdpsp"]
[Result "1-0"]
[WhiteCountry "USA"]
[BlackCountry "GER"]
[WhiteElo "1684"]
[WhiteRD "72"]
[BlackElo "1775"]
[BlackRD "79"]
[GameID "358767"]

1. e4 e5 2. Nf3 Nc6 3. Bc4 d6 4. d3 Bg4 5. h3 Bh5 6. g4 Bg6 7. Nc3 h5 8. g5 h4 9. Qe2 f6 10. gxf6 gxf6
11. Rg1 Nge7 12. Nd5 Nxd5 13. Bxd5 Bh5 14. Bxc6+ bxc6 15. Be3 Qd7 16. Qd2 Bxf3 17. Qa5 d5 18. Rg6 Kf7 19. Rg1 d4 20. Bd2 Bd6
21. Bb4 Bxb4+ 22. Qxb4 Rhb8 23. Qc4+ Ke8 24. Rg8+ Ke7 25. Rg7+ Kd8 26. Rxd7+ Kxd7 27. Qf7+ Kc8 28. Qxf6 Bg2 29. Qxe5 Bxh3 30. Qxd4 Kb7
31. f4 Rd8 32. Qb4+ Ka6 33. Qc4+ Kb6 34. f5 Bg2 35. Kf2 h3 36. Kg3 Rh8 37. Kh2 Rag8 38. Rg1 c5 39. Qe6+ c6 40. f6 Rf8
41. c3 Rh7 42. Rxg2 Rhf7 43. Rg6 Rxf6 44. Rxf6 Rxf6 45. Qxf6
1-0

[Event "Resurrection Knock Out"]
[Site "SchemingMind.com"]
[Date "2014.06.04"]
[Round "-"]
[White "bobbassbone"]
[Black "Ronald R. Nurmi"]
[Result "1-0"]
[WhiteCountry "ENG"]
[BlackCountry "USA"]
[WhiteElo "1651"]
[WhiteRD "56"]
[BlackElo "1645"]
[BlackRD "73"]
[GameID "359387"]

1. d4 d5 2. Bf4 Nf6 3. e3 c5 4. c3 Nc6 5. Bd3 Bg4 6. Nf3 e6 7. h3 Bh5 8. g4 Bg6 9. h4 Bxd3 10. Qxd3 c4
11. Qc2 Nxg4 12. Nbd2 Be7 13. Nf1 O-O 14. N1h2 Nf6 15. Bg5 Nh5 16. Bxe7 Nxe7 17. Rg1 Nf5 18. O-O-O g6 19. Ng5 Nxh4 20. Qe2 Nf5
21. Rg2 Rc8 22. Nh3 a6 23. Qxh5 Kh8 24. Qe2 b5 25. a3 Qe7 26. Nf4 Rg8 27. Nf3 f6 28. Rh1 Qf7 29. Qf1 Rg7 30. Qg1 Rcg8
31. Nh4 Nxh4 32. Rxh4 g5 33. Ng6+ Qxg6 34. Rh3 h6 35. Qh1 Rh7 36. Rgh2 Kg7 37. f4 Rd8 38. fxg5 fxg5 39. Qf3 Rf8 40. Qg2 g4
41. Rg3 h5 42. Rh4 Qf6 43. Rh1 Kg6 44. Qc2+ Kg5 45. Qxh7 Qg6 46. Qe7+ Qf6 47. Qxf6+
1-0

[Event "Resurrection Knock Out"]
[Site "SchemingMind.com"]
[Date "2014.06.05"]
[Round "-"]
[White "Ronald R. Nurmi"]
[Black "bobbassbone"]
[Result "0-1"]
[WhiteCountry "USA"]
[BlackCountry "ENG"]
[WhiteElo "1667"]
[WhiteRD "75"]
[BlackElo "1618"]
[BlackRD "54"]
[GameID "359388"]

1. d4 c6 2. Bf4 d5 3. e3 Nf6 4. Bd3 Bg4 5. f3 Bd7 6. c4 dxc4 7. Bxc4 Bf5 8. Nc3 e6 9. Nge2 h6 10. e4 Bg6
11. O-O Bb4 12. Rc1 Bxc3 13. Rxc3 O-O 14. Rc1 Nbd7 15. a4 Qb6 16. b3 e5 17. Be3 Rad8 18. Qc2 Qc7 19. Bb5 Nd5 20. Bd2 Qd6
21. Bd3 Nb4 22. Bxb4 Qxb4 23. Qc4 Qxc4 24. Rxc4 exd4 25. Rxd4 Ne5 26. Rxd8 Rxd8 27. Bb1 f6 28. Nc3 Rd2 29. Rf2 Rd6 30. f4 Nd7
31. e5 fxe5 32. fxe5 Re6 33. Rd2 Nxe5 34. Bxg6 Rxg6 35. Rd8+ Kh7 36. Rb8 Nf3+ 37. Kh1 Nd4 38. Rxb7 Re6 39. h3 Re3 40. Nd1 Re1+
0-1

[Event "Resurrection Knock Out"]
[Site "SchemingMind.com"]
[Date "2014.07.13"]
[Round "-"]
[White "SAMAEL"]
[Black "gatoss"]
[Result "1-0"]
[WhiteCountry "CAN"]
[BlackCountry "ITA"]
[WhiteElo "1763"]
[WhiteRD "52"]
[BlackElo "1465"]
[BlackRD "67"]
[GameID "361406"]

1. e4 c5 2. Nf3 d6 3. c4 Nc6 4. Nc3 e6 5. Be2 Nf6 6. d3 Be7 7. O-O O-O 8. h3 h6 9. a3 a6 10. Bd2 Nd4
11. Nxd4 cxd4 12. Na2 e5 13. f4 exf4 14. Bxf4 Bxh3 15. gxh3 Nh7 16. Kh2 Bg5 17. Bxg5 Nxg5 18. Nb4 Qd7 19. Bg4 Qc7 20. Nd5 Qd8
21. Qd2 Ne6 22. Rf2 Nc5 23. Raf1 f6 24. Nf4 Kh7 25. b4 Nd7 26. Ne6
1-0

[Event "Resurrection Knock Out"]
[Site "SchemingMind.com"]
[Date "2014.07.14"]
[Round "-"]
[White "gatoss"]
[Black "SAMAEL"]
[Result "0-1"]
[WhiteCountry "ITA"]
[BlackCountry "CAN"]
[WhiteElo "1470"]
[WhiteRD "63"]
[BlackElo "1801"]
[BlackRD "58"]
[GameID "361407"]

1. d4 d5 2. c4 e6 3. Nc3 Nf6 4. e3 Nc6 5. Nf3 Be7 6. Be2 O-O 7. O-O h6 8. h3 a6 9. a3 Bd7 10. b4 Na7
11. Ne5 c6 12. Nxd7 Qxd7 13. c5 Nb5 14. a4 Nxc3 15. Qd3 Nxe2+ 16. Qxe2 Ne4 17. f3 Ng3
0-1

[Event "Resurrection Knock Out"]
[Site "SchemingMind.com"]
[Date "2014.08.14"]
[Round "-"]
[White "bobbassbone"]
[Black "lemme howdt"]
[Result "1-0"]
[WhiteCountry "ENG"]
[BlackCountry "USA"]
[WhiteElo "1651"]
[WhiteRD "56"]
[BlackElo "1593"]
[BlackRD "65"]
[GameID "363125"]

1. d4 Nf6 2. Bf4 d6 3. e3 Bf5 4. Nf3 h6 5. c3 g5 6. Bg3 Bg7 7. Be2 g4 8. Nfd2 h5 9. h3 gxh3 10. gxh3 h4
11. Bh2 Qd7 12. Rg1 Rg8 13. Nf3 Bxb1 14. Qxb1 Qxh3 15. Qd3 Nc6 16. O-O-O Ng4 17. Ng5 Qxh2 18. Bxg4 d5 19. Qf5 Bf6 20. Qd7+ Kf8
21. Nh7+ Kg7 22. Nxf6 Rgd8 23. Bh3+ Kh6 24. Ng4+ Kh7 25. Qf5+ Kh8 26. Nxh2 e6 27. Qh5#
1-0

[Event "Resurrection Knock Out"]
[Site "SchemingMind.com"]
[Date "2014.08.14"]
[Round "-"]
[White "lemme howdt"]
[Black "bobbassbone"]
[Result "1-0"]
[WhiteCountry "USA"]
[BlackCountry "ENG"]
[WhiteElo "1593"]
[WhiteRD "65"]
[BlackElo "1651"]
[BlackRD "56"]
[GameID "363126"]

1. e4 c6 2. Nf3 d5 3. exd5 cxd5 4. Bb5+ Bd7 5. Bxd7+ Nxd7 6. O-O e6 7. c3 Ngf6 8. d4 Bd6 9. Bg5 h6 10. Bh4 g5
11. Bg3 Bxg3 12. hxg3 Qc7 13. Qd3 O-O-O 14. Re1 g4 15. Ne5 Nxe5 16. Rxe5 Nd7 17. Rh5 Rdg8 18. Nd2 f5 19. Re1 Nf6 20. Rh2 Qd6
21. Nb3 h5 22. Nc5 Re8 23. Qb5 b6 24. Qa6+ Kd8 25. Nb7+
1-0

[Event "Resurrection Knock Out"]
[Site "SchemingMind.com"]
[Date "2014.09.16"]
[Round "-"]
[White "SAMAEL"]
[Black "Clive Everill"]
[Result "0-1"]
[WhiteCountry "CAN"]
[BlackCountry "CZE"]
[WhiteElo "1548"]
[WhiteRD "46"]
[BlackElo "1709"]
[BlackRD "52"]
[GameID "364523"]

1. e4 c5 2. c4 Nc6 3. Nc3 g6 4. d3 Bg7 5. Bd2 e6 6. Nf3 Nge7 7. Be2 O-O 8. O-O a6 9. Rc1 Nb4 10. a3 Nbc6
11. h3 Rb8 12. Qc2 b5 13. b3 b4 14. Nb1 a5 15. a4 f5 16. Be3 d6 17. Nbd2 Bb7 18. Bf4 e5 19. Bh2 fxe4 20. dxe4 Nd4
21. Nxd4 exd4 22. f3 Rc8 23. Rfd1 Nc6 24. Bd3 Be5
0-1

[Event "Resurrection Knock Out"]
[Site "SchemingMind.com"]
[Date "2014.09.18"]
[Round "-"]
[White "Clive Everill"]
[Black "SAMAEL"]
[Result "1-0"]
[WhiteCountry "CZE"]
[BlackCountry "CAN"]
[WhiteElo "1709"]
[WhiteRD "52"]
[BlackElo "1548"]
[BlackRD "46"]
[GameID "364524"]

1. e4 e5 2. f4 d6 3. Nc3 exf4 4. Bc4 Nf6 5. d4 Nc6 6. Nf3 h6 7. Bxf4 Be7 8. Qd2 a6 9. a3 O-O 10. Bxh6 Ng4
11. Bf4 Re8 12. h3 Nf6 13. O-O-O Bd7 14. Rde1 Na7 15. g4 b5 16. Ba2 c5 17. dxc5 dxc5 18. Rd1 Bc6 19. Ne5 c4 20. Nxc6 Qxd2+
21. Rxd2 Nxc6 22. e5 Nh7 23. Nd5
1-0

[Event "Resurrection Knock Out"]
[Site "SchemingMind.com"]
[Date "2014.11.05"]
[Round "-"]
[White "Clive Everill"]
[Black "lemme howdt"]
[Result "1-0"]
[WhiteCountry "CZE"]
[BlackCountry "USA"]
[WhiteElo "1709"]
[WhiteRD "52"]
[BlackElo "1544"]
[BlackRD "74"]
[GameID "368425"]

1. e4 e5 2. f4 exf4 3. Nf3 Nc6 4. Bc4 Bc5 5. d4 Bb6 6. Bxf4 Nge7 7. O-O d6 8. c3 Ng6 9. Bg3 Bg4 10. Bxf7+ Kd7
11. h3 Bxf3 12. Qxf3 Qe7 13. Qg4+ Kd8 14. Bxg6 hxg6 15. Qxg6 Rh6 16. Qf7 Kd7 17. Qxe7+ Nxe7 18. Rf7 Rg6 19. Bf2 c6 20. Nd2 Ke6
21. Rf3 Rh8 22. Nc4 Bd8 23. Re1 Kd7 24. e5 d5 25. Nd6 b5 26. Nb7 Kc7 27. Nd6 Rh5 28. Rf1 a5 29. Rf8 Rxh3 30. Nf7 Nf5
31. Nxd8 Nh4 32. Bxh4 Rxh4 33. R1f7+ Kb6 34. Nb7 Rhg4 35. Nd6 Rxg2+ 36. Kf1 Rg1+ 37. Kf2 R1g2+ 38. Kf3 R2g3+ 39. Ke2 Rg2+ 40. Kd1 Rg1+
41. Kc2 R1g2+ 42. Kb3 a4+ 43. Ka3 b4+ 44. cxb4 R6g3+ 45. Kxa4 Rxb2 46. Rb7+ Ka6 47. Ra8#
1-0